QUEST Central Library Banner

On Applicability of Straightforward Expansion Methods for Damped Bleam Like Equation (Record no. 66655)

MARC details
000 -LEADER
fixed length control field 00394nam a22001217a 4500
082 ## - DEWEY DECIMAL CLASSIFICATION NUMBER
Classification number R/IMS-20
100 ## - MAIN ENTRY--AUTHOR NAME
Personal name Khalid Hussain Malak
-- 15-MS(M)-05
245 ## - TITLE STATEMENT
Title On Applicability of Straightforward Expansion Methods for Damped Bleam Like Equation
260 ## - PUBLICATION, DISTRIBUTION, ETC. (IMPRINT)
Place of publication Nawabshah
Name of publisher QUEST
Year of publication 2019
700 ## - ADDED ENTRY--PERSONAL NAME
Personal name Department of Mathematical and Statistics
856 ## - ELECTRONIC LOCATION AND ACCESS
Uniform Resource Identifier https://tinyurl.com/2vypf7yy
942 ## - ADDED ENTRY ELEMENTS (KOHA)
Koha item type Books
Holdings
Withdrawn status Lost status Home library Current library Date acquired Full call number Accession Number Koha item type
    Central Library, QUEST, Nawabshah Research Section 20/11/2020 R/IMS-20 MP/61-777 Thesis and Dissertation
    Research Section Research Section 23/11/2023 R/IMS-20 MP/57-727 Thesis and Dissertation

Copyright © 2018,The QUEST, Nawabshah, Shaheed Benazirabad. All rights reserved
Mr. G. Farooq Channar (Librarian) QUEST, Nawabshah, Sindh, Pakistan 67480.
 Ph#: |   0244-9370381-4 Ext. 2308   Email| lib@quest.edu.pk   Web|  http://www.quest.edu.pk